What is the number divided by 3? - Statistics

General Stats
  • This quiz has been taken 46 times
  • The average score is 20 of 24
Answer Stats
Hint Answer % Correct
369 123
95%
63 21
95%
921 307
95%
381 127
93%
666 222
93%
993 331
93%
135 45
93%
195 65
90%
972 324
88%
24 8
88%
2712 904
86%
294 98
86%
729 243
79%
876 292
79%
1878 626
76%
2271 757
76%
2334 778
76%
2808 936
76%
1242 414
74%
1341 447
69%
498 166
64%
534 178
64%
2091 697
64%
2817 939
60%
No matching quizzes found
Score Distribution
Percent of People with Each Score
Percentile by Number Answered
Your Score History
You have not taken this quiz